书目信息 |
| 题名: |
等离子体放电与材料工艺原理
|
|
| 作者: | 力伯曼 , 里登伯格 著 ;蒲以康 译 | |
| 分册: | ||
| 出版信息: | 北京 电子工业出版社 2018.01 |
|
| 页数: | 536页 | |
| 开本: | 26cm | |
| 丛书名: | 经典译丛 | |
| 单 册: | ||
| 中图分类: | O53 | |
| 科图分类: | ||
| 主题词: | 等离子体--放电 | |
| 电子资源: | ||
| ISBN: | 978-7-121-28022-1 | |
| 000 | 01259oam2 2200301 450 | |
| 001 | 3814 | |
| 005 | 20181009100122.32 | |
| 010 | @a978-7-121-28022-1@dCNY128.00 | |
| 100 | @a20180315d2018 em y0chiy50 ea | |
| 101 | 1 | @achi@ceng |
| 102 | @aCN@b110000 | |
| 105 | @aa z 000yy | |
| 200 | 1 | @a等离子体放电与材料工艺原理@9deng li zi ti fang dian yu cai liao gong yi yuan li@dPrinciples of plasma discharges and materials processing@f(美)Michael A. Lieberman,(美)Allan J. Lichtenberg著@g蒲以康等译@zeng |
| 205 | @a2版 | |
| 210 | @a北京@c电子工业出版社@d2018.01 | |
| 215 | @a536页@c图@d26cm | |
| 225 | 1 | @a经典译丛@i微电子学 |
| 330 | @a本书共18章,内容包括等离子体的基础知识、等离子体放电过程中的粒子平衡和能量平衡、容性和感性放电、波加热的气体放电、直流放电、刻蚀、沉积与注入、尘埃等离子体,以及气体放电的动理论等。 | |
| 461 | 0 | @12001 @a经典译丛 |
| 462 | 0 | @12001 @a微电子学 |
| 510 | 1 | @aPrinciples of plasma discharges and materials processing@zeng |
| 606 | 0 | @a等离子体@x放电 |
| 690 | @aO53@v5 | |
| 701 | 0 | @c(美)@a力伯曼@9li bo man@c(Lieberman, Michael A.)@4著 |
| 701 | 0 | @c(美)@a里登伯格@9li deng bo ge@c(Lichtenberg, Allan J.)@4著 |
| 702 | 0 | @a蒲以康@9pu yi kang@4译 |
| 801 | 0 | @aCN@b91MARC@c20180315 |
| 905 | @aMuseLib@dO53@e11=2 | |
| 等离子体放电与材料工艺原理=Principles of plasma discharges and materials processing/(美)Michael A. Lieberman,(美)Allan J. Lichtenberg著/蒲以康等译.-2版.-北京:电子工业出版社,2018.01 |
| 536页:图;26cm.-(经典译丛.微电子学) |
| ISBN 978-7-121-28022-1:CNY128.00 |
| 本书共18章,内容包括等离子体的基础知识、等离子体放电过程中的粒子平衡和能量平衡、容性和感性放电、波加热的气体放电、直流放电、刻蚀、沉积与注入、尘埃等离子体,以及气体放电的动理论等。 |
| ● |
| 相关链接 |
|
|
|
|
正题名:等离子体放电与材料工艺原理
索取号:O53/11=2
 
预约/预借
| 序号 | 登录号 | 条形码 | 馆藏地/架位号 | 状态 | 备注 |
| 1 | 1123832 | 211238329 | 第二样本阅览室/ [索取号:O53/11=2] | 在馆 | |
| 2 | 1123833 | 211238338 | 第三借阅区/ [索取号:O53/11=2] | 在馆 | |
| 3 | 1123834 | 211238347 | 化学系资料室/ [索取号:O53/11=2] | 在馆 |